| 000 | 00342nam a2200145Ia 4500 | ||
|---|---|---|---|
| 005 | 20251222175924.0 | ||
| 008 | 251222s9999||||xx |||||||||||||| ||spa|| | ||
| 020 | _a8422666170 | ||
| 082 | _a813.54/O52 | ||
| 100 | _aOndaatje, Michael | ||
| 245 | 0 | _aEl Paciente Inglés | |
| 250 | _a1ra.ed. | ||
| 264 | _bCírculo de Lectores | ||
| 942 | _cLIB | ||
| 999 |
_c40782 _d40782 |
||